Impossible Geography - A - Statistics

General Stats
  • This quiz has been taken 33 times
  • The average score is 4 of 15
Answer Stats
Clue Answer % Correct
Capital of Turkmenistan Ashgabat
94%
Unrecognized country in Georgia Abkhazia
69%
Nakhchivan belongs to this country Azerbaijan
66%
Islands between Sweden and Finland Aland
56%
The Yellowhammer State Alabama
47%
Capital of Dutch province of Gelderland Arnhem
19%
Afro-Asiatic language spoken in Ethiopia, Djibouti, and Eritrea Afar
13%
Currency of Madagascar Ariary
13%
Unrecognized Malian state Azawad
13%
Savaneta used to be its capital Aruba
9%
Municipality of Skopje Aerodrom
6%
Westernmost district of Nauru Aiwo
3%
City in southern Hyogo prefecture Akashi
3%
Khan who established the First Bulgarian Empire Asparuh
3%
Easternmost district of Kyrgyzstan Ak-Suu
0%
No matching quizzes found
Score Distribution
Percent of People with Each Score
Percentile by Number Answered
Your Score History
You have not taken this quiz